Statistiques concernant championnats de FIFA 16

Cliquez ici pour prendre le quiz!

Statistiques générales

  • Ce quiz a été pris 78 fois
  • Le résultat moyen est 10 sur 34

Statistiques - réponses

paysnom du championnat% Correct
AllemagneBundesliga
96%
FranceLigue 1
91%
AngleterreBarclays Premier league
90%
Ligue 2
90%
Bundesliga 2
81%
ItalieSerie A Tim
80%
Serie B
79%
FL Championship
71%
EspagneLiga BBVA
56%
États UnisMagor league Soccer
51%
Pays BasEredivisie
40%
PortugalLiga NOS
29%
EspagneLiga Adelante
26%
TurquieSuper Lig
21%
Reste du MondeReste du monde
19%
Corée du SudK League
14%
BelgiquePro League
14%
AustralieHyundai A-League
10%
AutricheÖ Bundesliga
9%
ArgentinePrimera Division
7%
MexiqueLiga Bancomer MX
6%
SuèdeAllsvenskan
4%
PologneEkstraklasa
4%
Football league 1
4%
Football league 2
4%
Arabie SaouditeALJ League
3%
RussieD1 Russe
3%
SuisseRaiffeisen
3%
NorvegeTippe Ligaen
3%
DanemarkAlka Superleague
0%
ChiliCamp Scotiabank
0%
ColombieLiga Dimayor
0%
EcosseScottish Premiership
0%
République d'IrlandeSSE Airtacy LGE
0%

Distribution des résultats

Percentile par nombre de réponses

% des personnes avec chaque résultat

Votre développement - résultats

Vous n’avez pas pris ce quiz